The rule of law and executive power in Malaysia : a study of executive surpremacy /
Saved in:
| Main Author: | |
|---|---|
| Format: | Thesis Book |
| Language: | English |
| Published: |
1994.
|
| Subjects: | |
| Tags: |
Add Tag
No Tags, Be the first to tag this record!
|
| LEADER | 00931cam a2200277 4500 | ||
|---|---|---|---|
| 001 | u379072 | ||
| 003 | SIRSI | ||
| 008 | 910802s1994 uk v 00 1 eng m | ||
| 035 | |a ABX-0003 | ||
| 040 | |a UMU | ||
| 043 | |a a-my--- | ||
| 092 | |a K668 |b Raiy |d KT | ||
| 100 | 0 | 0 | |a Rais Yatim, |c Dato', |d 1942- |
| 245 | 1 | 4 | |a The rule of law and executive power in Malaysia : |b a study of executive surpremacy / |c by Rais Yatim. |
| 260 | |a 1994. | ||
| 300 | |a 401 leaves ; |c 30 cm. | ||
| 500 | |a Unpublished. | ||
| 502 | |a Thesis (Ph.D) -- King's College, University of London, 1994. | ||
| 504 | |a Bibliography : leaves 388-398. | ||
| 650 | 0 | |a Rule of law |z Malaysia | |
| 650 | 0 | |a War and emergency powers |z Malaysia. | |
| 651 | 0 | |a Malaysia |x Constitutional law. | |
| 710 | 2 | 0 | |a King's College (University of London) |
| 948 | |a 14/08/1995 |b 05/08/2004 | ||
| 596 | |a 4 | ||
| 999 | |a K668 RAIY |w LACLL |c 1 |i A504709597 |l RESTRICTED |m P04UNDANG |r N |s Y |t TESIS |u 31/8/1995 | ||
